Migration and remittances : (Record no. 47008)
[ view plain ]
| 000 -LEADER | |
|---|---|
| fixed length control field | 01049nam a2200289 a 4500 |
| 001 - CONTROL NUMBER | |
| control field | 47008 |
| 003 - CONTROL NUMBER IDENTIFIER | |
| rucl marc code | BD-RjUL |
| 005 - DATE AND TIME OF LATEST TRANSACTION | |
| control field | 20211209054239.0 |
| 008 - FIXED-LENGTH DATA ELEMENTS--GENERAL INFORMATION | |
| fixed length control field | 1608 s1993 ii a bs 000 0 eng |
| 020 ## - INTERNATIONAL STANDARD BOOK NUMBER | |
| International Standard Book Number | 0803994583 (U.S.) |
| International Standard Book Number | 8170363160 (India) |
| 035 ## - SYSTEM CONTROL NUMBER | |
| System control number | (BD-RjUL)47127 |
| 040 ## - CATALOGING SOURCE | |
| Original cataloging agency | DLC |
| Transcribing agency | DLC |
| Modifying agency | IAY |
| -- | UKM |
| -- | BD-RjUL |
| -- | OrLoB-B |
| Language of cataloging | eng |
| 041 ## - LANGUAGE CODE | |
| Language code of text/sound track or separate title | eng |
| 082 00 - DEWEY DECIMAL CLASSIFICATION NUMBER | |
| Classification number | 307.240954 |
| Edition number | 23 |
| Author mark and year | CHM 1993 |
| 100 1# - MAIN ENTRY--PERSONAL NAME | |
| Personal name | Ray Chaudhuri, Jayasri, |
| Dates associated with a name | 1959- |
| 9 (RLIN) | 143171 |
| 245 10 - TITLE STATEMENT | |
| Title | Migration and remittances : |
| Remainder of title | inter-urban and rural-urban linkages / |
| Statement of responsibility, etc. | Jayasri Ray Chaudhuri. |
| 246 3# - VARYING FORM OF TITLE | |
| Title proper/short title | Migration & remittances |
| 260 ## - PUBLICATION, DISTRIBUTION, ETC. (IMPRINT) | |
| Place of publication, distribution, etc. | New Delhi ; |
| -- | Newbury Park : |
| Name of publisher, distributor, etc. | Sage Publications, |
| Date of publication, distribution, etc. | 1993. |
| 300 ## - PHYSICAL DESCRIPTION | |
| Pagination | 261 p. : |
| Illustrations | ill. ; |
| Size | 25 cm. |
| 500 ## - GENERAL NOTE | |
| General note | Cover title: Migration & remittances. |
| 504 ## - BIBLIOGRAPHY, ETC. NOTE | |
| Bibliography, etc | Includes bibliographical references (p. [257]-261). |
| 650 #0 - SUBJECT ADDED ENTRY--TOPICAL TERM | |
| Topical term or geographic name as entry element | Rural-urban migration |
| Geographic subdivision | India |
| -- | Durgapur. |
| 9 (RLIN) | 143172 |
| Topical term or geographic name as entry element | Migrant remittances |
| Geographic subdivision | India |
| -- | Durgapur. |
| 9 (RLIN) | 143173 |
| 651 #0 - SUBJECT ADDED ENTRY--GEOGRAPHIC NAME | |
| Geographic name | Durgapur (India) |
| General subdivision | Economic conditions. |
| 9 (RLIN) | 143174 |
| 942 ## - ADDED ENTRY ELEMENTS (KOHA) | |
| Source of classification or shelving scheme | Dewey Decimal Classification |
| Koha item type | Books |
| Lost status | Source of classification or shelving scheme | Damaged status | Not for loan | Collection code | Permanent Location | Current Location | Shelving location | Date acquired | Source of acquisition | Cost, normal purchase price | Total Checkouts | Full call number | Date last seen | Copy number | Koha item type |
|---|---|---|---|---|---|---|---|---|---|---|---|---|---|---|---|
| Dewey Decimal Classification | Non-fiction | Central Library, University of Rajshahi | Central Library, University of Rajshahi | 07/03/2006 | Pragon Enterprize ltd. | 650.00 | 307.240954 CHM 1993 | 06/08/2016 | C-2 | Books | |||||
| Dewey Decimal Classification | Not For Loan | Non-fiction | Central Library, University of Rajshahi | Central Library, University of Rajshahi | Reading Room | 07/03/2006 | Pragon Enterprize ltd. | 650.00 | 307.240954 CHM 1993 | 06/08/2016 | C-1 | Books | |||
| Dewey Decimal Classification | Non-fiction | Central Library, University of Rajshahi | Central Library, University of Rajshahi | 07/03/2006 | Pragon Enterprize ltd. | 650.00 | 307.240954 CHM 1993 | 24/12/2016 | C-3 | Books |